000 00377 a2200169 4500
001 189572
020 _a978-85-329-0743-1
040 _cMagnum
100 _aOliveira, Miguel Henrique Nascimento de
240 1 0 _aMundo español 3
_lpor
245 1 0 _aMundo español 3
300 _a182
362 0 _a2011
440 1 _a
697 _aLITERATURA ESPANHOLA
942 _cBK
999 _c189572
_d189572